| 000 | 00548nam a22001577a 4500 | ||
|---|---|---|---|
| 999 |
_c18700 _d18700 |
||
| 008 | 240118b ||||| |||| 00| 0 eng d | ||
| 020 | _a9781666871944 | ||
| 082 |
_22024 _aDC 320 _bM821 |
||
| 100 |
_aMorgan, Derek. _950737 |
||
| 245 |
_aInterpretation of elements of political science / _cDerek Morgan. |
||
| 260 |
_aUnites States of America : _bAmerican Academic, Publisher, _c©2024. |
||
| 300 |
_axi, 268 pages : _billustrations ; _c25 cm. |
||
| 500 | _aIncludes bibliography and index. | ||
| 650 |
_aPolitical science. _951182 |
||
| 942 |
_2ddc _cDC |
||